| 000 | 00466nam a2200193Ia 4500 | ||
|---|---|---|---|
| 005 | 20250425162655.0 | ||
| 008 | 250425s9999 xx 000 0 und d | ||
| 041 | _aspa | ||
| 043 | _aja | ||
| 082 | _a800 | ||
| 245 | 0 | _aHISTORIA CULTURAL DEL JAPÓN: UNA PERSPECTIVA | |
| 250 | _aCUARTA EDICION | ||
| 260 | _aAMAGASAKI | ||
| 260 |
_aJapón _bMINISTERIO DE RELACIONES EXTERIORES _c1992 |
||
| 300 | _a120 | ||
| 650 | _aJAPON | ||
| 942 | _c01 | ||
| 010 | _a95830 | ||
| 999 |
_c234107 _d234107 |
||